| 000 | 00858nam a2200253 i 4500 | ||
|---|---|---|---|
| 001 | 66745 | ||
| 003 | ES-MaACL | ||
| 005 | 20250831023855.0 | ||
| 007 | t| | ||
| 008 | 030627s2003 sp |||| | spa d | ||
| 020 | _a84-7914-643-5 | ||
| 080 | _a261.7 | ||
| 100 | 1 |
_aCorral, Carlos. _940707 |
|
| 245 | 1 | 3 |
_aLa relación entre la Iglesia y la comunidad política / _cCarlos Corral Salvador ; presentación de Lluís Martínez Sistach. |
| 260 |
_aMadrid : _bBiblioteca de Autores Cristianos, _c2003. |
||
| 300 |
_aXXXVI, 440 p. ; _c20 cm. |
||
| 490 | 1 |
_aBiblioteca de autores cristianos ; _v633 |
|
| 504 | _aBibliografía: p. [XXV]-XXXVI. | ||
| 650 | 1 | 7 |
_aIglesia y Estado _2embne _913554 |
| 700 | 1 |
_aMartínez Sistach, Lluís. _978436 |
|
| 830 | 0 | 0 |
_aBiblioteca de autores cristianos _v633 _9178679 |
| 852 |
_aES-MaACL _jJ-620 |
||
| 999 |
_c66745 _d66745 |
||